Công nghệ khí nén

Nội dung tài liệu trình bày phương pháp và phương tiện về những vấn đề nền tảng của công nghệ khí nén từ công đoạn tạo ra nguồn năng lượng khí nén đến các bộ phận chấp hành và điều khiển hệ thống khí nén trong các thiết bị công n...

Cur síos iomlán

Đã lưu trong:
Sonraí Bibleagrafaíochta
Príomhúdar: Hồ, Đắc Thọ
Formáid: Leabhar
Teanga:Undetermined
Foilsithe: Hà Nội Khoa học và Kỹ thuật 2007
Ábhair:
Clibeanna: Cuir Clib Leis
Gan Chlibeanna, Bí ar an gcéad duine leis an taifead seo a chlibeáil!
Thư viện lưu trữ: Trung tâm Học liệu Trường Đại học Cần Thơ
LEADER 00995nam a2200205Ia 4500
001 CTU_132663
008 210402s9999 xx 000 0 und d
020 |c 36000 
082 |a 621.51 
082 |b Th450 
100 |a Hồ, Đắc Thọ 
245 0 |a Công nghệ khí nén 
245 0 |c Hồ Đắc Thọ 
260 |a Hà Nội 
260 |b Khoa học và Kỹ thuật 
260 |c 2007 
520 |a Nội dung tài liệu trình bày phương pháp và phương tiện về những vấn đề nền tảng của công nghệ khí nén từ công đoạn tạo ra nguồn năng lượng khí nén đến các bộ phận chấp hành và điều khiển hệ thống khí nén trong các thiết bị công nghiệp. 
650 |a Air-compressors,Kỹ thuật khí nén,Compressed air,Máy nén khí 
904 |i Quang Hiếu 
980 |a Trung tâm Học liệu Trường Đại học Cần Thơ